Entrenar el contraataque: según los expertos
Gespeichert in:
| 1. Verfasser: | |
|---|---|
| Format: | Buch |
| Sprache: | Spanisch |
| Veröffentlicht: |
Barcelona
Paidotribo
2004
|
| Ausgabe: | 1a. ed |
| Schlagworte: | |
| Tags: |
Tag hinzufügen
Keine Tags, Fügen Sie den ersten Tag hinzu!
|
MARC
| LEADER | 00000nam a2200000 a 4500 | ||
|---|---|---|---|
| 001 | UCK3014 | ||
| 003 | CL-VaPUC | ||
| 008 | 050408e20040000SP |||||||||||||||||spa|d | ||
| 020 | |a 8480197536 | ||
| 082 | 0 | 4 | |a 796.323 |b MUR |2 21 |
| 100 | |a Murrey, Bob |e autor |9 491049 | ||
| 245 | 1 | 0 | |a Entrenar el contraataque: según los expertos |
| 250 | |a 1a. ed | ||
| 300 | |a 118 p | ||
| 942 | |c BK | ||
| 945 | |d 20050408 00:00:00 |a cmena | ||
| 260 | |a Barcelona |b Paidotribo |c 2004 | ||
| 650 | 7 | |a BASQUETBOL |2 CL-VaPUC |9 491023 | |
| 650 | 0 | |a Deportes |9 224367 | |
| 650 | 7 | |a ENTRENAMIENTO ATLETICO |2 CL-VaPUC |9 491024 | |
| 583 | |a last modification |c 20050408 00:00:00 |k Rodrigo Vera | ||
| 999 | |c 312361 |d 312359 | ||
| 952 | |0 0 |1 0 |4 0 |6 796_323000000000000_MUR_2004 |7 0 |8 A |9 382538 |a BIBEDU |b BIBEDU |d 2019-11-21 |i 4107896 |o 796.323 MUR 2004 |p 4107896 |r 2023-08-09 |w 2019-11-21 |y BK |k EFI | ||
| 952 | |0 0 |1 0 |4 0 |6 796_323000000000000_MUR_2004 |7 0 |8 C |9 382539 |a BIBCUR |b BIBCUR |d 2019-11-21 |i 4712471 |o 796.323 MUR 2004 |p 4712471 |r 2025-04-22 |w 2019-11-21 |y BK |k DEN | ||